| 000 | 00892nam a2200217Ii 4500 | ||
|---|---|---|---|
| 003 | JO-AjNU | ||
| 008 | 230605s9999||||xx |||||||||||||| ||und|| | ||
| 017 | _a2021/3/1743 | ||
| 020 | _a978-9957-94-746-0 | ||
| 040 |
_aJO-AjNU _bara _erda _cJO-AjNU |
||
| 041 | _aara | ||
| 050 | 1 | 4 | _aDS109.9 2021 |
| 100 | 3 |
_aالصبيح، عطالله عواد, _eauthor _963765 |
|
| 245 | 0 | 0 | _aالوصايا الهاشمية على المقدسات الإسلامية في القدس الشريف(1342-1408ه/ 1924-1988) |
| 264 | 3 | 1 | _aعمان: وزارة الثقافه، 2021 |
| 300 |
_a256ص _bاصدارات مئوية الدولة الاردنية 2021 |
||
| 336 |
_atext _btxt _2rdacontent |
||
| 337 |
_aunmediated _bn _2rdamedia |
||
| 338 |
_avolume _bnc _2rdacarrier |
||
| 650 | 4 |
_aالوصايا الهاشمية-القدس المقدسات الاسلامية -تاريخ الأردن _963766 |
|
| 999 |
_aA28941 _c32509 _d32509 |
||